| 000 | 00710nab a2200193 4500 | ||
|---|---|---|---|
| 001 | 244442 | ||
| 003 | OSt | ||
| 005 | 20250505130921.0 | ||
| 007 | tu | ||
| 008 | 200917s2020||||||| | ||
| 040 |
_aDE-2950 _cDE-2950 |
||
| 245 | 0 | 0 |
_aImmobilien-Chefin geht in Rente _bBilanz. Birgit Förster, Leiterin des Hochbauamtes (ZIM) in Frankfurt (Oder), begibt sich in den Ruhestand. Auf welche Bauprojekte sie nach 34 Jahren zufrieden zurückblickt - und worauf sie gern verzichtet hätte/ _cThomas Gutke |
| 264 | _c2024 | ||
| 653 | _aFrankfurt (Oder) | ||
| 653 | _aBirgit Förster | ||
| 653 | _aRuhestand | ||
| 773 | 0 |
_g36. Jahrgang (2025) Nr. 99 vom 29.04.2025, S. 15 mit Foto _tMärkische Oderzeitung |
|
| 942 |
_2z _cA |
||
| 999 |
_c373752 _d373752 |
||